ARRUPE JESUIT UNIVERSITY

CORONAVIRUS -STOP THE SPREAD - CLEAN,DISINFECT,COVER

The Zambezi Expedition of David Livingstone 1858-1863: (Record no. 51770)

MARC details
000 -LEADER
fixed length control field 00663nam a2200217Ia 4500
003 - CONTROL NUMBER IDENTIFIER
control field 0100
005 - DATE AND TIME OF LATEST TRANSACTION
control field 20180216105757.0
008 - FIXED-LENGTH DATA ELEMENTS--GENERAL INFORMATION
fixed length control field 130303s9999 xx 000 0 und d
040 ## - CATALOGING SOURCE
Transcribing agency ARRUPELIB
050 ## - LIBRARY OF CONGRESS CALL NUMBER
Classification number DT731.L773 1956
300 ## - PHYSICAL DESCRIPTION
Other physical details 27 cm
100 ## - MAIN ENTRY--PERSONAL NAME
Personal name Livingstone, David
9 (RLIN) 9520
245 #4 - TITLE STATEMENT
Title The Zambezi Expedition of David Livingstone 1858-1863:
245 ## - TITLE STATEMENT
Remainder of title The Journals Continued with Letters and Dispatches Therefrom
260 ## - PUBLICATION, DISTRIBUTION, ETC. (IMPRINT)
Place of publication, distribution, etc London
Name of publisher, distributor, etc Chatto and Windus LTD
Date of publication, distribution, etc 1956
300 ## - PHYSICAL DESCRIPTION
Extent 2v.
650 ## - SUBJECT ADDED ENTRY--TOPICAL TERM
Topical term or geographic name as entry element Africa, Central
General subdivision Description and travel
9 (RLIN) 16946
700 ## - ADDED ENTRY--PERSONAL NAME
Personal name Wallis, John Peter Richard, (ed)
9 (RLIN) 16947
942 ## - ADDED ENTRY ELEMENTS (KOHA)
Source of classification or shelving scheme Library of Congress Classification
Koha item type Monograph ( Printed materials)
Holdings
Withdrawn status Lost status Source of classification or shelving scheme Damaged status Not for loan Collection code Home library Current library Shelving location Date acquired Total Checkouts Full call number Barcode Date last seen Copy number Price effective from Koha item type
    Library of Congress Classification     Main Collection ARRUPE LIBRARY ARRUPE LIBRARY Main Collection 04/03/2013   DT731.L773 1956 46003033183 07/12/2017 1 04/03/2013 Monograph ( Printed materials)
    Library of Congress Classification     Main Collection ARRUPE LIBRARY ARRUPE LIBRARY Main Collection 04/03/2013   DT731.L773 1956 46003033180 07/12/2017 2 04/03/2013 Monograph ( Printed materials)
    Library of Congress Classification     SPECIAL Collection ARRUPE LIBRARY ARRUPE LIBRARY REFERENCE 25/03/2015   SPC. DT731.L773 1956 46003033177 25/03/2015 3 25/03/2015 SPC

 

Arrupe Library. PO Box MP320 Mt Pleasant, Harare, Zimbabwe
263 242 745411|librarian@aju.ac.zw